| 000 | 00450nam a2200217Ia 4500 | ||
|---|---|---|---|
| 003 | IT-RoPAU | ||
| 008 | 120407s9999 xx 000 0 und d | ||
| 040 | _aIT-RoPAU | ||
| 040 | _cIT-RoPAU | ||
| 041 | _aita | ||
| 100 | _aMariano Magrassi | ||
| 245 | _aVivere l’Eucaristia. 3a ed. | ||
| 250 | _aNoci (Ba) | ||
| 260 | _aLa Scala | ||
| 260 | _c1978 | ||
| 300 | _a107 p. | ||
| 300 | _c21 cm | ||
| 490 | _v1 | ||
| 942 | _cBK | ||
| 999 |
_c24227 _d24227 |
||